Największe państwa na literę E - Statystyki

Ogólne statystyki
  • Ten quiz został rozwiązany 34 razy
  • Średni wynik to 4 z 5
Statystyki odpowiedzi
Powierzchnia (km²) Miejsce na świecie
pod względem powierzchni
Państwo % Poprawnych
283 561 73 Ekwador
91%
1 104 300 26 Etiopia
88%
117 600 99 Erytrea
85%
45 228 129 Estonia
82%
1 001 450 29 Egipt
79%
Nie znaleziono quizów pasujących do podanych kryteriów
Rozkład punktacji
Procent ludzi z każdym wynikiem
Percentyl według liczby udzielonych odpowiedzi
Twoja historia wyników
Nie rozwiązałeś tego quizu